MEDICAL ETHICS FOR STUDENTS & DOCTORS (Record no. 6825)

MARC details
000 -LEADER
fixed length control field 00328nam a2200133Ia 4500
008 - FIXED-LENGTH DATA ELEMENTS--GENERAL INFORMATION
fixed length control field 150301s2014 xx 000 0 und d
082 ## - DEWEY DECIMAL CLASSIFICATION NUMBER
Classification number 610.734
Item number M14B
100 ## - MAIN ENTRY--PERSONAL NAME
Personal name BORAH, DJ.
245 ## - TITLE STATEMENT
Title MEDICAL ETHICS FOR STUDENTS & DOCTORS
260 ## - PUBLICATION, DISTRIBUTION, ETC. (IMPRINT)
Name of publisher, distributor, etc. APH.INDIA
Date of publication, distribution, etc. 2014
300 ## - PHYSICAL DESCRIPTION
Extent 166
650 ## - SUBJECT ADDED ENTRY--TOPICAL TERM
Topical term or geographic name as entry element MEDICAL ETHICS
942 ## - ADDED ENTRY ELEMENTS (KOHA)
Source of classification or shelving scheme Dewey Decimal Classification
Koha item type Books
Koha issues (borrowed), all copies 23
Holdings
Withdrawn status Lost status Source of classification or shelving scheme Damaged status Not for loan Collection code Home library Current library Shelving location Date acquired Source of acquisition Cost, normal purchase price SGTU Bill Number Total Checkouts Full call number Barcode Date last seen Date last checked out Bill Date Koha item type
    Dewey Decimal Classification     NURSING SGT Medical Library SGT Medical Library Text Book 02/07/2015 ABC DELHI 295.00 SGTU 5533 2 610.734 M14B FN2791 29/09/2023 14/09/2023 25/03/2015 Books
    Dewey Decimal Classification     NURSING SGT Medical Library SGT Medical Library Text Book 02/07/2015 ABC DELHI 295.00 SGTU 5533 13 610.734 M14B FN2792 27/01/2023 17/01/2023 25/03/2015 Books
    Dewey Decimal Classification     NURSING SGT Medical Library SGT Medical Library Text Book 02/07/2015 ABC DELHI 295.00 SGTU 5533 4 610.734 M14B FN2793 24/09/2022 24/09/2022 25/03/2015 Books
    Dewey Decimal Classification     NURSING SGT Medical Library SGT Medical Library Text Book 02/07/2015 ABC DELHI 295.00 SGTU 5533 6 610.734 M14B FN2794 30/12/2024 19/12/2024 25/03/2015 Books
    Dewey Decimal Classification     NURSING SGT Medical Library SGT Medical Library Text Book 02/07/2015 ABC DELHI 295.00 SGTU 5533 7 610.734 M14B FN2795 19/05/2025 25/11/2024 25/03/2015 Books